000
00330nam a2200121 a 4500
008
100917s1974|||| d
100
1
_a
Druon, Maurice
245
1
0
_a
Prekliati králi III
_b
Francúzska vlčica, ľalia a lev
260
_b
Slovenský spisovateľ
_a
Bratislava
_c
1974
020
_c
99
044
_a
xo
_c
SK
041
_a
slo
999
_c
10418
_d
10418